Border Crossings/ (Record no. 4130)

MARC details
000 -LEADER
campo de control de longitud fija 01128nam a22003617a 4500
003 - IDENTIFICADOR DE NÚMERO DE CONTROL
campo de control OSt
005 - FECHA Y HORA DE LA ÚLTIMA TRANSACCIÓN
campo de control 20230816115138.0
008 - DATOS DE LONGITUD FIJA--INFORMACIÓN GENERAL
campo de control de longitud fija 221006b |||||||| |||| 00| 0 eng d
020 ## - NÚMERO INTERNACIONAL ESTÁNDAR DEL LIBRO
Número Internacional Estándar del Libro 1696-6690
040 ## - FUENTE DE CATALOGACIÓN
Centro/agencia transcriptor Biblioteca Lado V
082 ## - NÚMERO DE LA CLASIFICACIÓN DECIMAL DEWEY
Número de clasificación 700
Número de ítem W223b
100 ## - ENTRADA PRINCIPAL--NOMBRE DE PERSONA
9 (RLIN) 940
Nombre de persona Walsh, Meeka
Término indicativo de función/relación editor
245 ## - MENCIÓN DEL TÍTULO
Título Border Crossings/
Resto del título A Magazine of the Arts/
260 ## - PUBLICACIÓN, DISTRIBUCIÓN, ETC.
Nombre del editor, distribuidor, etc. Arts Manitoba Publications Inc.
Fecha de publicación, distribución, etc. 2001
Lugar de publicación, distribución, etc. Canada
300 ## - DESCRIPCIÓN FÍSICA
Dimensiones 21.5x28 cm
Extensión 145p.
490 ## - MENCIÓN DE SERIE
Mención de serie 78
Designación de volumen o secuencia 2001
505 ## - NOTA DE CONTENIDO CON FORMATO
Título Bordernotes
505 ## - NOTA DE CONTENIDO CON FORMATO
Título Borderviews
505 ## - NOTA DE CONTENIDO CON FORMATO
Título Columns
505 ## - NOTA DE CONTENIDO CON FORMATO
Título Interviewa
505 ## - NOTA DE CONTENIDO CON FORMATO
Título Articles
505 ## - NOTA DE CONTENIDO CON FORMATO
Título Art Pages
505 ## - NOTA DE CONTENIDO CON FORMATO
Título Fiction
505 ## - NOTA DE CONTENIDO CON FORMATO
Título Portfolio
505 ## - NOTA DE CONTENIDO CON FORMATO
Título Crossovers
650 ## - PUNTO DE ACCESO ADICIONAL DE MATERIA--TÉRMINO DE MATERIA
Fuente del encabezamiento o término Tesauro de Arte & Arquitectura
Término de materia o nombre geográfico como elemento de entrada ARTE
9 (RLIN) 703
650 ## - PUNTO DE ACCESO ADICIONAL DE MATERIA--TÉRMINO DE MATERIA
Fuente del encabezamiento o término Tesauro de Arte & Arquitectura
Término de materia o nombre geográfico como elemento de entrada ARTE CONTEMPORANEO
650 ## - PUNTO DE ACCESO ADICIONAL DE MATERIA--TÉRMINO DE MATERIA
Fuente del encabezamiento o término Tesauro de Arte & Arquitectura
Término de materia o nombre geográfico como elemento de entrada CRITICA
650 ## - PUNTO DE ACCESO ADICIONAL DE MATERIA--TÉRMINO DE MATERIA
Fuente del encabezamiento o término Tesauro de Arte & Arquitectura
Término de materia o nombre geográfico como elemento de entrada APRECIACION
650 ## - PUNTO DE ACCESO ADICIONAL DE MATERIA--TÉRMINO DE MATERIA
Fuente del encabezamiento o término Tesauro de Arte & Arquitectura
Término de materia o nombre geográfico como elemento de entrada PUBLICACION PERIODICA
651 ## - PUNTO DE ACCESO ADICIONAL DE MATERIA--NOMBRE GEOGRÁFICO
Fuente del encabezamiento o término Tesauro de Arte & Arquitectura
Nombre geográfico CANADA
942 ## - ELEMENTOS DE ENTRADA SECUNDARIOS (KOHA)
Fuente del sistema de clasificación o colocación Clasificación Decimal Dewey
Tipo de ítem Koha Libros
Parte de la signatura que corresponde a la clasificación (Parte de la clasificación) 700
Parte de la signatura que identifica el ejemplar (Parte del ítem) W223b
Suprimir en OPAC No
Holdings
Estatus retirado Estado de pérdida Fuente del sistema de clasificación o colocación Especificación de materiales (volumen encuadernado u otra parte) Estado de daño No para préstamo Colección Biblioteca de origen Biblioteca actual Fecha de adquisición Enumeración/cronología de publicación seriada Número de inventario Total de préstamos Signatura topográfica completa Código de barras Visto por última vez Precio de reemplazo Tipo de ítem Koha
    Clasificación Decimal Dewey 2001     Revistas Biblioteca LadoV Biblioteca LadoV 16/08/2023 78 003225   700 W223b 003225 16/08/2023 16/08/2023 Libros